Conceptualizing accountability /
Bewaard in:
| Hoofdauteur: | |
|---|---|
| Formaat: | Texto |
| Tags: |
Voeg label toe
Geen labels, Wees de eerste die dit record labelt!
|
MARC
| LEADER | 00000 a a2200000 04500 | ||
|---|---|---|---|
| 001 | 43928 | ||
| 003 | |||
| 040 | |||
| 100 | |a Schedler, Andreas | ||
| 245 | |a Conceptualizing accountability / |c Andreas Schedler | ||
| 773 | |g páginas 13-28 | ||
| 999 | |c 22217 |d 22217 | ||
